000 00518nam a2200193 i 4500
001 146300
003 ES-MaACL
005 20230906201501.0
007 t|
008 070906s1970 sp ||||1| spa d
080 _a141.82(04)
100 1 _aTrías, Eugenio.
_9111368
245 1 0 _aTeoría de las ideologías /
_cEugenio Trías.
250 _a[1ª ed.].
260 _a[Barcelona] :
_bPenínsula,
_c[1970]
300 _a153 p. ;
_c19 cm.
650 1 4 _aIdeología.
_913544
852 _aES-MaACL
_jC-47640
_bR.75007
999 _c146300
_d146300